[Event "Amplico Life Europe-ch blitz"]
[Site "Warsaw POL"]
[Date "2013.12.13"]
[Round "17.7"]
[White "Ivanisevic, Ivan"]
[Black "Perunovic, Milos"]
[Result "1/2-1/2"]
[BlackElo "2569"]
[EventDate "2013.12.13"]
[WhiteElo "2641"]

1.e4 d6 2.g3 Nf6 3.Bg2 c6 4.Ne2 Nbd7 5.O-O g6 6.d4 e5 7.Nbc3 Bg7 8.h3 O-O
9.a4 a5 10.Be3 Qc7 11.Qd2 1/2-1/2

[Event "Amplico Life Europe-ch blitz"]
[Site "Warsaw POL"]
[Date "2013.12.13"]
[Round "17.8"]
[White "Antipov, Mikhail Al."]
[Black "Andriasian, Zaven"]
[Result "1/2-1/2"]
[BlackElo "2679"]
[EventDate "2013.12.13"]
[WhiteElo "2517"]

1.e4 c6 2.d4 d5 3.e5 Bf5 4.Nd2 e6 5.Nb3 Nd7 6.Nf3 Be7 7.Be2 Bg6 8.O-O Nh6
9.Ne1 c5 10.Nxc5 Bxc5 11.dxc5 Nxe5 12.Qd4 f6 13.Bxh6 gxh6 14.f4 Nc6 15.Qe3
Qe7 16.Bd3 O-O-O 17.f5 Bxf5 18.Bxf5 exf5 19.Qxe7 Nxe7 20.Nd3 Rhe8 21.Rae1 d4
22.Re6 Nd5 23.Rxe8 Rxe8 24.Rxf5 Ne3 25.Rxf6 Nxc2 26.Rf2 Ne3 27.Rf4 Nc2 28.Rf2
Re3 29.Rxc2 Rxd3 30.Kf2 Kc7 31.Re2 Kc6 32.Re6+ Kxc5 33.Ke2 Re3+ 34.Rxe3 dxe3
35.Kxe3 Kd5 36.Kd3 Ke5 37.Ke3 Kd5 38.g3 Ke5 39.Kd3 1/2-1/2

[Event "Amplico Life Europe-ch blitz"]
[Site "Warsaw POL"]
[Date "2013.12.13"]
[Round "18.2"]
[White "Wojtaszek, Radoslaw"]
[Black "Rapport, Richard"]
[Result "1/2-1/2"]
[BlackElo "2598"]
[EventDate "2013.12.13"]
[WhiteElo "2711"]

1.d4 g6 2.c4 Bg7 3.Nf3 d6 4.Nc3 c5 5.e4 Nc6 6.Be3 Bg4 7.dxc5 Qa5 8.cxd6 Nf6
9.Bd3 Ne5 10.Be2 Bxf3 11.gxf3 O-O-O 12.Qa4 Qxa4 13.Nxa4 Rxd6 14.Bxa7 Ra6
15.Bd4 Nc6 16.Nb6+ Kb8 17.Be3 Nh5 18.Nd7+ Kc8 19.Nc5 Bxb2 20.Rb1 Rxa2 21.f4
Ng7 22.Bf3 Bd4 23.O-O Bxc5 24.Bxc5 Ne6 25.Be3 Ncd4 26.Bg4 f5 27.exf5 gxf5
28.Bd1 Kb8 29.Kh1 Rc8 30.Bh5 Rc6 31.Bf7 Ne2 32.Rb3 Nd8 33.Bd5 Rg6 34.Rfb1 Kc8
35.Bf3 Rd6 36.c5 Rd7 37.c6 Nxc6 38.Bxc6 bxc6 39.Rb8+ Kc7 40.R8b7+ Kc8 41.Rb8+
Kc7 42.R8b7+ Kc8 43.Rb8+ Kc7 44.R8b7+ Kc8 45.Rb8+ Kc7 1/2-1/2

[Event "Amplico Life Europe-ch blitz"]
[Site "Warsaw POL"]
[Date "2013.12.13"]
[Round "18.3"]
[White "Petrosian, Tigran L."]
[Black "Miton, Kamil"]
[Result "1/2-1/2"]
[BlackElo "2578"]
[EventDate "2013.12.13"]
[WhiteElo "2613"]

1.Nf3 Nf6 2.g3 g6 3.c4 Bg7 4.Nc3 O-O 5.Bg2 d6 6.O-O Nc6 7.d4 Bg4 8.h3 Bxf3
9.Bxf3 Nd7 10.e3 e5 11.dxe5 Ndxe5 12.Be2 Qd7 13.Kh2 Na5 14.Qc2 Qc6 15.b3 Nf3+
16.Bxf3 Qxf3 17.Bb2 Nc6 18.Nd5 Rac8 19.Bxg7 Kxg7 20.Qc3+ f6 21.Rae1 Rf7
22.Qd2 Ne5 23.Qe2 b5 24.Nf4 bxc4 25.bxc4 Qxe2 26.Rxe2 Nxc4 27.Rc1 Nb6 28.Rc6
Re7 29.Rec2 Kf7 30.h4 Ke8 31.a4 Nxa4 32.Nd5 Nc5 33.Nxf6+ Kf7 34.Nd5 Rd7
35.Ra2 a6 36.Nb4 Ra8 37.Nxa6 Nxa6 38.Rcxa6 Rxa6 39.Rxa6 Ke6 40.e4 c5 41.f4
Ke7 42.Rc6 Rb7 43.e5 dxe5 44.fxe5 Rb2+ 45.Kh3 Rc2 46.e6 Re2 47.Rxc5 Rxe6
48.Rc7+ Kf6 49.Rxh7 Re4 50.Rb7 Rc4 51.Rb3 Kg7 52.Rf3 Kh6 53.Rf4 Rc3 54.Kg4
Rb3 55.Re4 Ra3 56.Kf4 Ra1 57.g4 g5+ 58.hxg5+ Kg7 59.Re7+ Kg6 60.Re6+ Kg7
61.g6 Ra5 62.Rd6 Rb5 63.Re6 Ra5 64.Re5 Rxe5 1/2-1/2

[Event "Amplico Life Europe-ch blitz"]
[Site "Warsaw POL"]
[Date "2013.12.13"]
[Round "18.4"]
[White "Malakhov, Vladimir"]
[Black "Dubov, Daniil"]
[Result "1/2-1/2"]
[BlackElo "2683"]
[EventDate "2013.12.13"]
[WhiteElo "2708"]

1.Nf3 Nf6 2.c4 c6 3.d4 d5 4.e3 Bg4 5.Nc3 e6 6.h3 Bxf3 7.Qxf3 Nbd7 8.Bd2 Bb4
9.Bd3 O-O 10.O-O e5 11.cxd5 cxd5 12.Qd1 e4 13.Be2 Bd6 14.Qb3 Nb6 15.a4 Rc8
16.a5 Nc4 17.Bxc4 dxc4 18.Qxb7 Rb8 19.Qxa7 Rxb2 20.Ra2 Rb3 21.a6 Re8 22.Rb1
Re7 23.Qxe7 Bxe7 24.a7 Rxb1+ 25.Nxb1 Qa8 26.Nc3 Bd8 27.Nb5 Bb6 28.Ba5 Bxa5
29.Rxa5 Nd5 30.Ra4 c3 31.Rc4 h6 32.Rc5 Qb7 33.h4 Kh7 34.g3 f5 35.h5 Nb6
36.Rxc3 Qa6 37.Rc5 Nc8 38.Rxc8 Qxc8 39.Nc7 Qxc7 40.a8=Q Qf7 41.g4 Qe6 42.d5
Qe5 43.Qc8 fxg4 44.Qd7 g3 45.Qg4 gxf2+ 46.Kxf2 Qxd5 47.Qg6+ Kh8 48.Qe8+ Qg8
49.Qxe4 Qf7+ 50.Qf3 Qa2+ 51.Kg3 Kg8 52.e4 Qe6 53.Qf4 Qe8 54.Qf5 Qb8+ 55.Kg4
Qb4 56.Qe6+ Kh7 57.Qg6+ Kh8 58.Kf5 Qc5+ 59.e5 Qc2+ 60.Ke6 Qc6+ 61.Ke7 Qc7+
62.Ke6 Qc6+ 63.Kf7 Qc7+ 64.Ke6 1/2-1/2

[Event "Amplico Life Europe-ch blitz"]
[Site "Warsaw POL"]
[Date "2013.12.13"]
[Round "18.6"]
[White "Tkachiev, Vladislav"]
[Black "Lysyj, Igor"]
[Result "1/2-1/2"]
[BlackElo "2593"]
[EventDate "2013.12.13"]
[WhiteElo "2688"]

1.e4 e5 2.Nc3 Nf6 3.g3 d5 4.exd5 Nxd5 5.Bg2 Nxc3 6.bxc3 Nc6 7.Nf3 Bc5 8.O-O
O-O 9.Re1 Re8 10.d4 exd4 11.Rxe8+ Qxe8 12.cxd4 Bb6 13.c4 Bg4 14.c5 Ba5 15.Be3
Rd8 16.Qa4 b6 17.Rc1 Nb4 18.Qxe8+ Rxe8 19.Ne5 Be6 20.cxb6 Bxb6 21.Nc6 Nxc6
22.Bxc6 Rd8 23.d5 Bg4 24.Bxb6 cxb6 25.Rc3 Kf8 26.Ra3 a5 27.Rb3 Rb8 28.d6 Rd8
29.Rd3 1/2-1/2

[Event "Amplico Life Europe-ch blitz"]
[Site "Warsaw POL"]
[Date "2013.12.13"]
[Round "18.8"]
[White "Andriasian, Zaven"]
[Black "Antipov, Mikhail Al."]
[Result "0-1"]
[BlackElo "2517"]
[EventDate "2013.12.13"]
[WhiteElo "2679"]

1.e4 c5 2.Nc3 d6 3.Nf3 Nf6 4.d4 cxd4 5.Nxd4 g6 6.Be2 Bg7 7.O-O O-O 8.Nb3 Nc6
9.Bg5 Be6 10.Re1 h6 11.Bh4 Na5 12.Qd2 Nxb3 13.axb3 a6 14.Bxf6 exf6 15.Bc4 Qc8
16.Nd5 Qd8 17.Nf4 Bxc4 18.bxc4 Qc8 19.Nd5 Qd8 20.Ra3 Re8 21.Rd3 Rb8 22.b3 Kh7
23.h3 b5 24.cxb5 axb5 25.Rf3 Re6 26.Nf4 Re5 27.Nd3 Re8 28.Nb4 Qd7 29.Rd3 Re6
30.Rd5 Rbe8 31.Nd3 Qb7 32.Qb4 f5 33.Rxb5 Qc6 34.Rb6 Qxc2 35.Qc4 Qxc4 36.bxc4
Rxe4 37.Rxe4 fxe4 38.Nf4 Rc8 39.Rxd6 Be5 40.Rd7 Kg8 41.Nd5 Rxc4 42.g3 Kg7
43.Ne3 Ra4 44.Re7 Bd6 45.Re8 Bc5 46.Nd5 Rd4 47.Nf4 Rd2 48.Rxe4 Bxf2+ 49.Kg2
Bc5+ 50.Re2 Rd7 51.Rc2 Be7 52.h4 h5 53.Ra2 Rb7 54.Rc2 Bd6 55.Ne2 Rb3 56.Rd2
Be5 57.Ra2 Kf6 58.Ra4 Rd3 59.Rc4 Kf5 60.Kf2 f6 61.Ra4 g5 62.hxg5 fxg5 63.Rc4
Rb3 64.Ra4 Rb2 65.Kf3 Kg6 66.Ra6+ Bf6 67.Ra4 Rb3+ 68.Kf2 Bd8 69.Ra6+ Bb6+
70.Kg2 Rb2 71.Kf3 g4+ 72.Kf4 Kg7 73.Nc3 Bc7+ 74.Kf5 Bxg3 75.Ra7+ Kf8 76.Ne4
Rb5+ 77.Kg6 Bb8 78.Nf6 Bxa7 0-1

[Event "Amplico Life Europe-ch blitz"]
[Site "Warsaw POL"]
[Date "2013.12.13"]
[Round "19.1"]
[White "Socko, Bartosz"]
[Black "Korobov, Anton"]
[Result "1-0"]
[BlackElo "2753"]
[EventDate "2013.12.13"]
[WhiteElo "2618"]

1.d4 Nf6 2.c4 e6 3.Nc3 Bb4 4.Qc2 O-O 5.a3 Bxc3+ 6.Qxc3 d5 7.Bg5 c5 8.dxc5 d4
9.Qd2 Nc6 10.Nf3 h6 11.Bxf6 Qxf6 12.e3 dxe3 13.fxe3 Rd8 14.Qc2 a5 15.Bd3 Qe7
16.O-O-O Bd7 17.Nd4 Qxc5 18.Kb1 Be8 19.Qc3 Ne5 20.Be2 Rdc8 21.Rc1 Qe7 22.Rhd1
Nxc4 23.Bxc4 b5 24.Nxb5 Bxb5 25.Qd3 Bc6 26.Qe2 Rab8 27.Ka1 Rb6 28.g3 Rcb8
29.Rd2 Be4 30.Ba2 Qf6 31.Bb1 Bxb1 32.Kxb1 Rb3 33.Ka2 Qe5 34.e4 R3b7 35.Rcc2
g6 36.Qc4 h5 37.Qd4 Qb5 38.Qc4 Qb6 39.e5 Ra7 40.h3 a4 41.Rc3 Qa5 42.Qd4 Rab7
43.Rc4 Rb3 44.Rxa4 Qb5 45.Rb4 Rxb4 46.Qxb4 Qxb4 47.axb4 Rxb4 48.Ka3 Re4 49.b4
Rxe5 50.Ka4 Re3 51.b5 Rxg3 52.b6 Rg1 53.b7 Ra1+ 54.Kb3 1-0

[Event "Amplico Life Europe-ch blitz"]
[Site "Warsaw POL"]
[Date "2013.12.13"]
[Round "19.2"]
[White "Wojtaszek, Radoslaw"]
[Black "Grigoryan, Karen H."]
[Result "1/2-1/2"]
[BlackElo "2543"]
[EventDate "2013.12.13"]
[WhiteElo "2711"]

1.d4 Nf6 2.c4 d6 3.Nf3 Nbd7 4.Nc3 e5 5.e4 Be7 6.Be2 O-O 7.O-O Re8 8.Be3 Bf8
9.d5 a5 10.Nd2 g6 11.a3 c6 12.b4 Qc7 13.Qb3 h5 14.h3 Kh7 15.dxc6 bxc6 16.c5
Kg7 17.cxd6 Bxd6 18.Nc4 axb4 19.axb4 Rxa1 20.Rxa1 Bf8 21.Na5 Nb6 22.Rb1 Be6
23.Qc2 Bd6 24.f3 Rb8 25.Nd1 Bd7 26.Nf2 Nc8 27.Bc5 Bxc5 28.Qxc5 Na7 29.Rc1 Be6
30.Kh2 Nd7 31.Qc3 Qd6 32.Nd3 Rc8 33.Rd1 Qc7 34.Nc5 Nxc5 35.Qxc5 Qb8 36.Rd6
Qc7 37.Qxe5+ Kg8 38.Qg3 Qe7 39.e5 Rb8 40.Qf4 Rb6 41.Qd4 Rb8 42.f4 h4 43.Bf3
Nb5 44.Nxc6 Qe8 45.Qc5 Nxd6 46.Nxb8 Nf5 47.Nc6 Qd7 48.Qc1 Qd3 49.Qe1 Qc4
50.Qe4 Qc1 51.Qe2 Ng3 52.Qd1 Qxf4 53.Kg1 Qe3+ 54.Kh2 Qf4 55.Kg1 Qe3+ 56.Kh2
Qf4 57.Kg1 1/2-1/2

[Event "Amplico Life Europe-ch blitz"]
[Site "Warsaw POL"]
[Date "2013.12.13"]
[Round "19.4"]
[White "Sargissian, Gabriel"]
[Black "Miton, Kamil"]
[Result "1-0"]
[BlackElo "2578"]
[EventDate "2013.12.13"]
[WhiteElo "2702"]

1.d4 f5 2.c4 Nf6 3.Nc3 g6 4.Nf3 Bg7 5.Bf4 O-O 6.e3 d6 7.Be2 c6 8.h3 h6 9.Bh2
Nbd7 10.Qc2 Qe8 11.O-O e5 12.b4 g5 13.dxe5 Nxe5 14.Nd4 Qg6 15.c5 dxc5 16.Bxe5
cxd4 17.exd4 Be6 18.Rfe1 Qf7 19.b5 Nd5 20.Bf3 Rad8 21.bxc6 bxc6 22.Nxd5 Bxd5
23.Bxd5 Qxd5 24.Rac1 Bxe5 25.dxe5 Rfe8 26.Qxc6 Re6 27.Qc2 Qd3 28.Red1 1-0

[Event "Amplico Life Europe-ch blitz"]
[Site "Warsaw POL"]
[Date "2013.12.13"]
[Round "19.5"]
[White "Tkachiev, Vladislav"]
[Black "Perunovic, Milos"]
[Result "1/2-1/2"]
[BlackElo "2569"]
[EventDate "2013.12.13"]
[WhiteElo "2688"]

1.d4 Nf6 2.c4 c5 3.d5 b5 4.Nf3 g6 5.Qc2 bxc4 6.e4 d6 7.Bxc4 Nbd7 8.O-O Bg7
9.Nc3 O-O 10.Rd1 Rb8 11.h3 Nh5 12.Bg5 f5 13.Rab1 f4 14.Bh4 Ne5 15.Be2 Qe8
16.Nxe5 Bxe5 17.Bg5 Kg7 18.Qa4 Bd7 19.Qxa7 h6 20.Bh4 Ra8 21.Qb7 Rb8 22.Qa7
Ra8 23.Qb7 Rb8 24.Qa7 1/2-1/2

[Event "Amplico Life Europe-ch blitz"]
[Site "Warsaw POL"]
[Date "2013.12.13"]
[Round "19.6"]
[White "Olszewski, Michal"]
[Black "Dubov, Daniil"]
[Result "0-1"]
[BlackElo "2683"]
[EventDate "2013.12.13"]
[WhiteElo "2531"]

1.Nf3 Nf6 2.c4 c6 3.Nc3 d5 4.e3 e6 5.Qc2 Bd6 6.b3 O-O 7.Be2 e5 8.cxd5 cxd5
9.Nb5 Nc6 10.Nxd6 Qxd6 11.Bb2 Bg4 12.d3 Rac8 13.Qd2 e4 14.Nd4 Bxe2 15.Nxe2
Nb4 16.Ba3 Nxd3+ 17.Qxd3 Qxa3 18.Qd2 Qd6 19.O-O Rfd8 20.Rac1 h6 21.h3 a6
22.Nd4 g6 23.Rc3 Qd7 24.Rfc1 Ne8 25.a4 Nd6 26.Rc5 Rxc5 27.Rxc5 Ne8 28.Qa5 Qd6
29.Rc2 h5 30.b4 b6 31.Qxa6 Qxb4 32.Qb5 Qxb5 33.axb5 Nd6 34.Rc6 Nc4 35.g4 hxg4
36.hxg4 Rd6 37.Kg2 Rxc6 38.bxc6 Kf8 39.c7 Nd6 40.Nb5 Nc8 41.Nc3 Ke7 42.Nxd5+
Kd6 43.Nf6 Ke5 44.Nd7+ Ke6 45.Nb8 b5 46.Kg3 Kd6 47.Na6 g5 48.f3 exf3 49.Kxf3
Kc6 50.Ke4 Kb6 51.Nb4 Kxc7 52.Kf5 Kd6 53.Kxg5 Ne7 54.Kf4 Nd5+ 55.Nxd5 0-1

[Event "Amplico Life Europe-ch blitz"]
[Site "Warsaw POL"]
[Date "2013.12.13"]
[Round "19.7"]
[White "Rapport, Richard"]
[Black "Antipov, Mikhail Al."]
[Result "1-0"]
[BlackElo "2517"]
[EventDate "2013.12.13"]
[WhiteElo "2598"]

1.b3 e5 2.Bb2 Nc6 3.e3 d5 4.Bb5 Bd6 5.f4 Qe7 6.Nf3 Bg4 7.fxe5 Bxe5 8.Bxe5
Bxf3 9.Qxf3 Qxe5 10.Nc3 Nf6 11.O-O O-O 12.Bxc6 bxc6 13.Qf4 Qe7 14.Rf3 Ne4
15.Nxe4 dxe4 16.Rf2 Rad8 17.Rd1 Rd5 18.d4 exd3 19.Rxd3 Rxd3 20.cxd3 Rd8
21.Qc4 Qxe3 22.Qxf7+ Kh8 23.Qf3 Qxf3 24.Rxf3 Kg8 25.Kf2 Re8 26.Rf5 Rf8
27.Rxf8+ Kxf8 28.Ke3 Ke7 29.Kd4 Kd6 30.b4 a6 31.a3 h6 32.h3 g6 33.g3 h5 34.h4
Ke6 35.Kc5 Kf5 36.Kxc6 Kg4 37.d4 Kxg3 38.d5 Kf3 39.Kxc7 1-0

[Event "Amplico Life Europe-ch blitz"]
[Site "Warsaw POL"]
[Date "2013.12.13"]
[Round "19.8"]
[White "Dragun, Kamil"]
[Black "Lysyj, Igor"]
[Result "1/2-1/2"]
[BlackElo "2593"]
[EventDate "2013.12.13"]
[WhiteElo "2445"]

1.d4 Nf6 2.c4 e6 3.Nc3 Bb4 4.Qc2 O-O 5.a3 Bxc3+ 6.Qxc3 d5 7.Bg5 h6 8.Bxf6
Qxf6 9.Nf3 dxc4 10.Qxc4 Nc6 11.e3 Re8 12.Be2 Bd7 13.O-O Rac8 14.b4 a6 15.a4
Red8 16.b5 axb5 17.axb5 Ne7 18.Ne5 c6 19.b6 Be8 20.Bf3 Nd5 21.Qc5 Qe7 22.Ra7
Rb8 23.Nc4 Qd7 24.Na5 Qc8 25.Rc1 Nf6 26.h3 Bd7 27.Nc4 Be8 28.Na5 Bd7 29.g3
Be8 30.Kg2 Bd7 31.h4 Be8 32.Qe5 Nd5 33.Nc4 Qd7 34.Qe4 Qe7 35.Qb1 Qd7 36.Ne5
Qc8 37.Nc4 Qd7 38.Na5 Qc8 39.Qb2 Nf6 40.Qb3 Nd5 41.Qb2 Nf6 42.Qb4 Nd5 43.Qc5
Nf6 44.e4 Qd7 45.Rd1 Qc8 46.Qe5 Rd7 47.Rc1 Qd8 48.Rd1 Qc8 49.Nc4 Qd8 50.Qc5
Re7 51.Nd6 Nd7 52.Qa3 Nxb6 53.Rb1 Nc8 54.Nxc8 Rxc8 55.Qc5 Rd7 56.Rbxb7 Rxd4
57.Bh5 Rd7 58.Rxd7 Bxd7 59.e5 Be8 60.Bf3 Ra8 61.Rb7 Rc8 62.h5 Rb8 63.Ra7 Ra8
64.Rb7 Rb8 65.Ra7 Qb6 66.Qe7 Qd8 67.Qc5 Ra8 68.Rb7 Rb8 69.Ra7 Ra8 70.Re7 Rc8
71.Ra7 Ra8 72.Rb7 1/2-1/2

[Event "Amplico Life Europe-ch blitz"]
[Site "Warsaw POL"]
[Date "2013.12.13"]
[Round "20.1"]
[White "Korobov, Anton"]
[Black "Socko, Bartosz"]
[Result "1-0"]
[BlackElo "2618"]
[EventDate "2013.12.13"]
[WhiteElo "2753"]

1.d4 Nf6 2.c4 e6 3.Nf3 b6 4.g3 Bb7 5.Bg2 c5 6.d5 exd5 7.Nh4 g6 8.O-O Bg7
9.Nc3 O-O 10.cxd5 d6 11.Nf3 Na6 12.e4 Nc7 13.a4 a6 14.Re1 b5 15.a5 Re8 16.Nd2
Ra7 17.Ra2 Bc8 18.b3 h5 19.Bb2 h4 20.Ra1 hxg3 21.hxg3 Ng4 22.Qc2 Bd4 23.Re2
b4 24.Na4 Nxd5 25.Nc4 Bxb2 26.Qxb2 Nc3 27.Nxc3 bxc3 28.Qxc3 Be6 29.Rd2 Qg5
30.Nxd6 Rb8 31.Nc4 Qh6 32.Rad1 Rf8 33.Rd8 Ra8 34.R8d6 Qh2+ 35.Kf1 Rfe8 36.Qf3
Nh6 37.Qf4 Bg4 38.f3 Bh3 39.Ne3 Rab8 40.Rb6 Rbd8 41.Rbd6 Rb8 42.Kf2 Bxg2
43.Nxg2 Qh5 44.g4 Qh3 45.R6d3 Kg7 46.Qg3 Qxg3+ 47.Kxg3 Rb5 48.Ra1 Reb8 49.Ra3
Ng8 50.Ne3 Ne7 51.Nc4 Nc6 52.Rd7 R5b7 53.Rd6 Nd4 54.Rxa6 Rxb3 55.Rb6 Rxa3
56.Nxa3 Rc8 57.Nc4 Ne6 58.a6 Ra8 59.Rc6 Nd8 60.Rd6 Ne6 61.Ne5 Kf6 62.Nc4 Kg7
63.f4 Nc7 64.Rd7 Nxa6 65.Nd6 Rf8 66.g5 Nb4 67.f5 gxf5 68.exf5 Nc6 69.Kf4 Kg8
70.Ne4 Rd8 71.Rc7 Nb4 72.Nf6+ Kg7 73.Nh5+ Kf8 74.Rb7 Rd4+ 75.Kf3 Rd5 76.Ke4
Rd4+ 77.Ke3 Nd5+ 78.Kf3 c4 79.f6 Ke8 80.g6 fxg6 81.Ng7+ Kd8 82.Ne6+ Kc8
83.Nxd4 Nxf6 84.Rb4 1-0

[Event "Amplico Life Europe-ch blitz"]
[Site "Warsaw POL"]
[Date "2013.12.13"]
[Round "20.2"]
[White "Grigoryan, Karen H."]
[Black "Wojtaszek, Radoslaw"]
[Result "1-0"]
[BlackElo "2711"]
[EventDate "2013.12.13"]
[WhiteElo "2543"]

1.Nf3 Nf6 2.g3 d5 3.Bg2 c6 4.O-O Bf5 5.c4 e6 6.d3 dxc4 7.dxc4 Qxd1 8.Rxd1
Nbd7 9.Nc3 Bc5 10.Nd4 Bg6 11.Nb3 Bb4 12.Bf4 Nb6 13.c5 Bxc3 14.bxc3 Na4 15.Be5
Nd5 16.c4 Ndc3 17.Re1 f6 18.Bd6 Ne4 19.Rad1 Rd8 20.f3 Nxd6 21.cxd6 e5 22.c5
Bf7 23.Rc1 Be6 24.Na5 Rd7 25.f4 O-O 26.fxe5 fxe5 27.Rc2 Rc8 28.Rb1 Bf5 29.e4
b6 30.exf5 bxa5 31.f6 Rf7 32.Bh3 Re8 33.d7 Rd8 34.Be6 gxf6 35.Rc4 1-0

[Event "Amplico Life Europe-ch blitz"]
[Site "Warsaw POL"]
[Date "2013.12.13"]
[Round "20.4"]
[White "Miton, Kamil"]
[Black "Sargissian, Gabriel"]
[Result "1/2-1/2"]
[BlackElo "2702"]
[EventDate "2013.12.13"]
[WhiteElo "2578"]

1.d4 d5 2.c4 e6 3.Nf3 Nf6 4.g3 Bb4+ 5.Bd2 Be7 6.Bg2 O-O 7.O-O c6 8.Qb3 a5
9.a4 Na6 10.c5 b6 11.cxb6 Nb4 12.Bxb4 Bxb4 13.Rc1 Qxb6 14.Na3 Ba6 15.e3 Rab8
16.Ne5 Rfc8 17.Rc2 c5 18.dxc5 Qc7 19.Nd3 Bxc5 20.Nb5 Qb6 21.Rac1 Bf8 22.Rxc8
Rxc8 23.Rxc8 Bxc8 24.Bf1 Bd7 25.Ne5 Be8 26.Qc2 Qc5 27.Qxc5 Bxc5 28.Bd3 Kf8
29.Kf1 Nd7 30.Nxd7+ Bxd7 31.Ke2 g6 32.Nc3 Ke7 33.Bb5 Bc8 34.Na2 e5 35.Nc3 Kd6
36.e4 d4 37.Na2 f5 38.f3 fxe4 39.fxe4 Bg4+ 40.Kd3 Bh3 41.Ke2 Bg4+ 42.Kd3 Bh3
43.Ke2 Bg4+ 44.Kd3 Bh3 1/2-1/2

[Event "Amplico Life Europe-ch blitz"]
[Site "Warsaw POL"]
[Date "2013.12.13"]
[Round "20.5"]
[White "Perunovic, Milos"]
[Black "Tkachiev, Vladislav"]
[Result "0-1"]
[BlackElo "2688"]
[EventDate "2013.12.13"]
[WhiteElo "2569"]

1.e4 e5 2.Nf3 Nc6 3.Nc3 Nf6 4.Bb5 Bc5 5.Nxe5 Nxe5 6.d4 Bd6 7.f4 Nc6 8.e5 Bb4
9.exf6 Qxf6 10.Be3 O-O 11.O-O Bxc3 12.bxc3 d5 13.Qf3 Bf5 14.Qxd5 Rfe8 15.Rae1
Bxc2 16.Bd2 a6 17.Bxc6 bxc6 18.Qa5 Bd3 19.Rf3 Rxe1+ 20.Bxe1 Be4 21.Rf2 Bd5
22.f5 Qe7 23.Bd2 f6 24.h3 Rb8 25.Qxa6 Qe4 26.Qe2 Qxe2 27.Rxe2 Rb2 28.a4 Ra2
29.Kf2 Bc4 30.g4 Kf7 31.Kf3 Bxe2+ 32.Kxe2 Ke7 33.Kd3 Rxa4 34.Bf4 Kd7 35.Bd2
Ra1 36.h4 Rh1 37.h5 Rh4 0-1

[Event "Amplico Life Europe-ch blitz"]
[Site "Warsaw POL"]
[Date "2013.12.13"]
[Round "20.6"]
[White "Dubov, Daniil"]
[Black "Olszewski, Michal"]
[Result "1-0"]
[BlackElo "2531"]
[EventDate "2013.12.13"]
[WhiteElo "2683"]

1.Nf3 Nf6 2.g3 g6 3.b3 Bg7 4.Bb2 O-O 5.Bg2 d6 6.d4 Nbd7 7.O-O e5 8.dxe5 Ng4
9.Nc3 Ngxe5 10.Qc1 Nxf3+ 11.Bxf3 Ne5 12.Bg2 h5 13.h3 Bd7 14.e4 Qc8 15.Nd5 Qd8
16.f4 Nc6 17.Bxg7 Kxg7 18.Qb2+ f6 19.Rae1 Ne7 20.Ne3 Bc6 21.Kh2 Qd7 22.c4
Rae8 23.Qd4 Kh7 24.Kg1 b6 25.g4 hxg4 26.hxg4 Ng8 27.Rf3 Kg7 28.Rh3 Qe6 29.Kf2
Nh6 30.Reh1 Nxg4+ 31.Nxg4 Qxg4 32.Rh7+ Kg8 33.Rh8+ Kf7 34.R1h7+ Ke6 35.Qd5+
1-0

[Event "Amplico Life Europe-ch blitz"]
[Site "Warsaw POL"]
[Date "2013.12.13"]
[Round "20.7"]
[White "Antipov, Mikhail Al."]
[Black "Rapport, Richard"]
[Result "0-1"]
[BlackElo "2598"]
[EventDate "2013.12.13"]
[WhiteElo "2517"]

1.e4 g6 2.d4 Nf6 3.e5 Nh5 4.Be2 d6 5.Bxh5 gxh5 6.exd6 Qxd6 7.Qxh5 Qxd4 8.Nc3
Qg4 9.Qxg4 Bxg4 10.Nd5 Na6 11.Bf4 O-O-O 12.Ne3 Bd7 13.Be5 f6 14.Bc3 e5
15.O-O-O Nc5 16.Nf3 Ne4 17.Be1 Bc5 18.Nd2 Bxe3 19.fxe3 Bg4 20.Nf3 Rxd1+
21.Kxd1 Ng5 22.Kc1 Bxf3 23.gxf3 Nxf3 24.Bg3 e4 25.Rf1 h5 26.Rd1 0-1

[Event "Amplico Life Europe-ch blitz"]
[Site "Warsaw POL"]
[Date "2013.12.13"]
[Round "20.8"]
[White "Lysyj, Igor"]
[Black "Dragun, Kamil"]
[Result "0-1"]
[BlackElo "2445"]
[EventDate "2013.12.13"]
[WhiteElo "2593"]

1.d4 Nf6 2.c4 e6 3.Nc3 Bb4 4.Qc2 O-O 5.Nf3 c5 6.dxc5 Na6 7.g3 Nxc5 8.Bg2 d5
9.O-O dxc4 10.Ne5 Nd5 11.Nxc4 Bxc3 12.bxc3 b6 13.Rd1 Ba6 14.Ne3 Bb7 15.Nxd5
exd5 16.e4 Bc6 17.Qb1 Qf6 18.exd5 Ba4 19.Rd4 Bd7 20.Be3 Rad8 21.a4 Bf5 22.Qd1
h6 23.a5 Nd7 24.axb6 axb6 25.Qd2 Rc8 26.Rf1 Nc5 27.Qb2 Nd3 28.Qa3 Ne5 29.Qb4
Nd3 30.Qb3 Ne5 31.h3 h5 32.Rb4 Rxc3 33.Qb2 Nc4 34.Qa1 Nxe3 35.fxe3 Qe5
36.Rxf5 Qxe3+ 37.Kh2 Rc1 38.Qd4 Qe1 39.Qf2 Qxb4 40.Rf4 Qd6 41.Qe3 Rc2 42.Qd3
Rb2 43.Qc3 Ra2 44.Rf5 Rfa8 45.Rxh5 Qc5 46.Qe1 Qf2 47.Qxf2 Rxf2 48.Kg1 Rd2
49.d6 Ra1+ 50.Bf1 Rxd6 0-1

[Event "Amplico Life Europe-ch blitz"]
[Site "Warsaw POL"]
[Date "2013.12.13"]
[Round "21.1"]
[White "Korobov, Anton"]
[Black "Petrosian, Tigran L."]
[Result "1-0"]
[BlackElo "2613"]
[EventDate "2013.12.13"]
[WhiteElo "2753"]

1.d4 d6 2.Nf3 Bg4 3.e4 Nf6 4.Nc3 e6 5.Be2 Be7 6.h3 Bh5 7.Be3 d5 8.exd5 exd5
9.g4 Bg6 10.Ne5 c6 11.Qd2 Nbd7 12.O-O-O Qa5 13.a3 b5 14.Nxc6 Qb6 15.Nxe7 Kxe7
16.Nxb5 Rhc8 17.Qb4+ Kd8 18.Nc3 Qxb4 19.axb4 Rab8 20.b5 Ne4 21.Nxd5 Nxf2
22.Nb4 Nxh1 23.Rxh1 Nb6 24.Nc6+ Ke8 25.c4 Rb7 26.d5 a6 27.bxa6 1-0

[Event "Amplico Life Europe-ch blitz"]
[Site "Warsaw POL"]
[Date "2013.12.13"]
[Round "21.2"]
[White "Dubov, Daniil"]
[Black "Rapport, Richard"]
[Result "0-1"]
[BlackElo "2598"]
[EventDate "2013.12.13"]
[WhiteElo "2683"]

1.Nf3 Nc6 2.e4 e5 3.Bc4 Bc5 4.O-O d6 5.c3 Bb6 6.Bb3 Bg4 7.h3 Bh5 8.d3 h6
9.Re1 Qf6 10.Nbd2 g5 11.Nf1 Bxf3 12.Qxf3 Qxf3 13.gxf3 Nge7 14.Ne3 Nd8 15.a4
a6 16.a5 Ba7 17.Nd5 Ne6 18.Nf6+ Kd8 19.Be3 Ng6 20.Ng4 Ke7 21.Rad1 h5 22.Nh2
Ngf4 23.d4 Nxh3+ 24.Kh1 Nhf4 25.Nf1 c6 26.Ng3 Ng7 27.dxe5 dxe5 28.Bxa7 Rxa7
29.Nf5+ Nxf5 30.exf5 f6 31.Rd2 Raa8 32.Re4 Rhd8 33.Rxd8 Rxd8 34.Rb4 Rd7
35.Kg1 Nd3 36.Rb6 Nf4 37.Bc2 Kd6 38.Kf1 Kc7 39.Ke1 h4 0-1

[Event "Amplico Life Europe-ch blitz"]
[Site "Warsaw POL"]
[Date "2013.12.13"]
[Round "21.4"]
[White "Cheparinov, Ivan"]
[Black "Wojtaszek, Radoslaw"]
[Result "1-0"]
[BlackElo "2711"]
[EventDate "2013.12.13"]
[WhiteElo "2668"]

1.d4 Nf6 2.c4 e6 3.Nf3 b6 4.g3 Bb7 5.Bg2 Be7 6.O-O O-O 7.Re1 d5 8.cxd5 exd5
9.Nc3 Na6 10.Ne5 c5 11.dxc5 Nxc5 12.Be3 Re8 13.Bd4 Ne6 14.e3 Nxd4 15.exd4 Bb4
16.Re3 a6 17.a3 Bf8 18.Qe2 Qd6 19.Re1 Red8 20.g4 b5 21.g5 Ne4 22.Nxe4 dxe4
23.Bxe4 Bxe4 24.Rxe4 Rac8 25.Qf3 Rc7 26.h4 Qd5 27.R1e2 Rc1+ 28.Kg2 Rd1 29.h5
Rc8 30.g6 fxg6 31.hxg6 hxg6 32.Nxg6 Qg5+ 33.Rg4 Qh6 34.Qd5+ Kh7 35.Rh4 1-0

[Event "Amplico Life Europe-ch blitz"]
[Site "Warsaw POL"]
[Date "2013.12.13"]
[Round "21.6"]
[White "Licznerski, Lukasz"]
[Black "Tkachiev, Vladislav"]
[Result "0-1"]
[BlackElo "2688"]
[EventDate "2013.12.13"]
[WhiteElo "2481"]

1.e4 d6 2.d4 g6 3.Nf3 Nf6 4.Nc3 Bg7 5.Bc4 O-O 6.O-O Nc6 7.h3 e5 8.dxe5 dxe5
9.Bg5 Be6 10.Bxe6 fxe6 11.Qxd8 Raxd8 12.Rad1 h6 13.Bxf6 Bxf6 14.Rxd8 Rxd8
15.a3 Nd4 16.Rd1 Nxc2 17.Rxd8+ Bxd8 18.Nxe5 Bf6 19.Nxg6 Bxc3 20.bxc3 Nxa3
21.Kf1 Nb1 22.Ke2 Nxc3+ 23.Kd3 Nb5 24.f4 a5 25.e5 Kf7 26.Nh4 c5 27.Kc4 a4
28.Nf3 a3 29.Nd2 Nd4 30.Kc3 b5 31.Ne4 b4+ 0-1

[Event "Amplico Life Europe-ch blitz"]
[Site "Warsaw POL"]
[Date "2013.12.13"]
[Round "21.7"]
[White "Andriasian, Zaven"]
[Black "Dragun, Kamil"]
[Result "1-0"]
[BlackElo "2445"]
[EventDate "2013.12.13"]
[WhiteElo "2679"]

1.e4 c5 2.Nc3 Nc6 3.Nf3 Nd4 4.Bc4 e6 5.Nxd4 cxd4 6.Ne2 Qb6 7.O-O g6 8.c3 dxc3
9.bxc3 Bg7 10.d4 Ne7 11.Ba3 d6 12.Bd3 Qc7 13.Qa4+ Bd7 14.Qb4 Nc8 15.Rab1 Rb8
16.Qb2 O-O 17.Ng3 b5 18.Qd2 Rd8 19.Rbc1 Nb6 20.h4 Bf8 21.Rfe1 Nc4 22.Bxc4
Qxc4 23.e5 Bc6 24.exd6 Bxd6 25.Bxd6 Rxd6 26.Qf4 Rbd8 27.h5 Qd5 28.f3 f5
29.Qh6 Be8 30.Ne2 Qb7 31.Nf4 Qf7 32.Re5 b4 33.d5 exd5 34.cxb4 gxh5 35.Qg5+
Kh8 36.Rce1 Bb5 37.Rxf5 Qg8 38.Qxg8+ Rxg8 39.Nxd5 Bc4 40.Nf4 Bxa2 41.Rxh5 Rd4
42.Re7 Bb1 43.Rh4 Rd1+ 44.Kh2 Rd2 45.Rxa7 Rf8 46.b5 Rb2 47.Rb7 Kg8 48.b6 Bf5
49.Nd5 Bd3 50.Kg3 Bf1 51.Rg4+ Kh8 52.Kh2 Bd3 53.Nf4 Bf5 54.Rh4 Bc2 55.Rc7 Bf5
56.b7 Rb8 57.Rh5 Bb1 58.Rc8+ 1-0

[Event "Amplico Life Europe-ch blitz"]
[Site "Warsaw POL"]
[Date "2013.12.13"]
[Round "21.8"]
[White "Azarov, Sergei"]
[Black "Moiseenko, Alexander"]
[Result "0-1"]
[BlackElo "2642"]
[EventDate "2013.12.13"]
[WhiteElo "2614"]

1.e4 c5 2.Nf3 Nc6 3.Bb5 e6 4.O-O Nge7 5.Re1 Nd4 6.Nxd4 cxd4 7.c3 Nc6 8.Bf1
Bc5 9.d3 O-O 10.c4 e5 11.Nd2 d6 12.g3 f5 13.exf5 Bxf5 14.Ne4 Qd7 15.Bg2 Bg4
16.Qc2 h6 17.f4 Rae8 18.Bd2 Bb4 19.fxe5 Bxd2 20.e6 Rxe6 21.Nxd2 Re3 22.Nf1
Rxe1 23.Rxe1 Ne5 24.Nd2 Bh3 25.Ne4 Bxg2 26.Kxg2 Qg4 27.Qe2 Nf3 28.Kh1 Nxe1
0-1

[Event "Amplico Life Europe-ch blitz"]
[Site "Warsaw POL"]
[Date "2013.12.13"]
[Round "22.1"]
[White "Petrosian, Tigran L."]
[Black "Korobov, Anton"]
[Result "0-1"]
[BlackElo "2753"]
[EventDate "2013.12.13"]
[WhiteElo "2613"]

1.Nf3 Nf6 2.g3 g6 3.Bg2 Bg7 4.c4 O-O 5.Nc3 Nc6 6.d4 a6 7.O-O Rb8 8.e4 d6 9.h3
b5 10.cxb5 axb5 11.e5 Ne8 12.e6 fxe6 13.d5 Ne5 14.Nd4 exd5 15.f4 c5 16.Bxd5+
Kh8 17.Ne6 Bxe6 18.Bxe6 Nc7 19.Bb3 Nc6 20.Ne4 c4 21.Bc2 d5 22.Ng5 Qd6 23.Qg4
Nd4 24.Bd1 Nf5 25.h4 Ne6 26.Nf3 Nc5 27.h5 gxh5 28.Qh3 Ne4 29.Ng5 Nxg5 30.fxg5
Qxg3+ 31.Qxg3 Nxg3 32.Re1 Ne4 33.Bxh5 Bd4+ 34.Kg2 Rf2+ 35.Kh3 Rbf8 36.a4 Be5
37.Rh1 Bxb2 38.Bxb2+ Rxb2 39.a5 Nf2+ 0-1